Allgemeines Geografie und Geschichtsquiz - Statistiken

Allgemein
  • Dieses Quiz wurde 545 mal gespielt
  • Das Durchschnittsergebnis liegt bei 3 aus 14
Antwortstatistiken
Hinweis Antwort % Korrekt
Gegen welches Land kämpfte Niederlande um seine Unabhängigkeit Spanien
83%
Mit welchem Land hat Frankreich die längste Grenze Brasilien
57%
Wie viele Länder gibt es laut der Uno 193
37%
Welches Land hat an einem Ende ein tropisches Klima am anderen ein subpolares Klima Argentinien
20%
Was ist der kleinste Staat in Asien Malediven
15%
Wo liegt der größte Vulkan der Welt Hawaii
14%
In welcher Deutsch-Stadt wurden Kaiser des Hrrdn traditionell gewählt Frankfurt am Main
8%
Welcher Britische Monarch sorgte für die Abspaltung von der Katholische-Kirche Heinrich VIII
8%
In welchem Land liegt die tiefste Mine der Welt Südafrika
7%
Von welchem Gebiet hat Australien den Namen Terra australis incognita Antarktika
1%
Wer war der Erste König der Niederlande Wilhelm von Oranien
1%
Wie hieß das Reich, welches Knut der Große regierte Nordseereich
0%
Wie hießen die Gebieter der Niederlande während des 80-Jährigen Krieges Republik der Sieben vereinigten Provinzen
0%
Was ist der kleinste Staat in Ozeanien Tokelau
0%
Keine übereinstimmenden Quizze gefunden
Verteilung der Resultate
Anzahl Personen mit jedem Resultat
Perzentil nach korrekt beantworteten Fragen
Ihre Resultats-Entwicklung
Sie haben dieses Quiz noch nicht gespielt